| 000 -ლიდერი |
| ფიქსირებული სიგრძის საკონტროლო ველი |
01059nam a22002297a 4500 |
| 003 - საკონტროლო ნომრის იდენტიფიკატორი |
| საკონტროლო ველი |
Ge_BSU |
| 005 - ბოლო ოპერაციის თარიღი და დრო |
| საკონტროლო ველი |
20210323142435.0 |
| 008 - ფიქსირებული სიგრძის მონაცემთა ელემენტები - ზოგადი ინფორმაცია |
| ფიქსირებული სიგრძის საკონტროლო ველი |
210323s2020 ge ||||| |||| 00| 0 geo d |
| 020 ## - წიგნის საერთაშორისო სტანდარტული ნომერი |
| International Standard Book Number |
9789941267956 |
| 041 ## - ენის კოდი |
| Language code of text/sound track or separate title |
geo |
| 080 ## - უნივერსალური ათობითი კლასიფიკაციის ინდექსი |
| Universal Decimal Classification number |
69+691ე-83 |
| 100 ## - მთავარი ჩანაწერი - პიროვნების სახელი |
| Personal name |
ესაძე, ს. |
| 9 (RLIN) |
10675 |
| 245 ## - ცნობა სათაურის შესახებ |
| Title |
შენობების კვლევა და აღდგენა-გაძლიერება: |
| Remainder of title |
ნაწილი 1 / |
| Statement of responsibility, etc |
ს. ესაძე, ა. ბერძენიშვილი, დ. ჯიჯიეშვილი. |
| 264 ## - წარმოების, გამოცემის, დისტრიბუციის და სხვა ცნობები |
| გამოცემის, წარმოების, დისტრიბუციის... ადგილი |
თბილისი : |
| გამოცემის, წარმოების, დისტრიბუციის... სახელწოდება |
უნივერსალი, |
| გამოცემის, წარმოების, დისტრიბუციის... თარიღი |
2020. |
| 300 ## - ფიზიკური აღწერა |
| Extent |
126 გვ. : |
| Other physical details |
სურ. ; |
| Dimensions |
20 სმ. |
| 504 ## - BIBLIOGRAPHY, ETC. NOTE |
| Bibliography, etc |
ბიბლიოგრაფია: გვ. 116-118. |
| 653 ## - INDEX TERM--UNCONTROLLED |
| Uncontrolled term |
შენობების კვლევა და აღდგენა-გაძლიერება |
| 653 ## - INDEX TERM--UNCONTROLLED |
| Uncontrolled term |
ინჟინერია |
| 700 ## - ADDED ENTRY--PERSONAL NAME |
| Personal name |
ბერძენიშვილი,ა |
| 9 (RLIN) |
10676 |
| 700 ## - ADDED ENTRY--PERSONAL NAME |
| Personal name |
ჯიჯიეშვილი, დ |
| 9 (RLIN) |
10677 |
| 942 ## - ADDED ENTRY ELEMENTS (KOHA) |
| Source of classification or shelving scheme |
|
| Koha item type |
წიგნი |